Catch me if you can! / (Record no. 7261)

MARC details
000 -LEADER
fixed length control field 00985nam a22003017a 4500
001 - CONTROL NUMBER
control field 7261
003 - CONTROL NUMBER IDENTIFIER
control field FISKH
005 - DATE AND TIME OF LATEST TRANSACTION
control field 20250704141123.0
008 - FIXED-LENGTH DATA ELEMENTS--GENERAL INFORMATION
fixed length control field 250704b cb ||||| |||| 00| 0 eng d
020 ## - INTERNATIONAL STANDARD BOOK NUMBER
International Standard Book Number 9780152048396
040 ## - CATALOGING SOURCE
Original cataloging agency FISKH
Language of cataloging eng
Transcribing agency FISKH
Modifying agency FISKH
050 ## - LIBRARY OF CONGRESS CALL NUMBER
Classification number PZ7.M8544 C
082 ## - DEWEY DECIMAL CLASSIFICATION NUMBER
Classification number 468.6
100 ## - MAIN ENTRY--PERSONAL NAME
Personal name Most, Bernard
Dates associated with a name (1937-)
245 ## - TITLE STATEMENT
Title Catch me if you can! /
Statement of responsibility, etc. Bernard Most
250 ## - EDITION STATEMENT
Edition statement This edition first published in 1999
260 ## - PUBLICATION, DISTRIBUTION, ETC.
Place of publication, distribution, etc. Avenue South :
Name of publisher, distributor, etc. Green Light,
Date of publication, distribution, etc. 1999
300 ## - PHYSICAL DESCRIPTION
Extent 20 unnumbered pages :
Other physical details color illustrations ;
Dimensions 23 cm
490 ## - SERIES STATEMENT
Series statement Green Light Readers
Volume/sequential designation Level 2
505 ## - FORMATTED CONTENTS NOTE
Formatted contents note E<br/>
520 ## - SUMMARY, ETC.
Summary, etc. When a little dinosaur plays a game with the biggest dinosaur of them all, she is not scared because he is her grandpa.<br/>
521 8# - TARGET AUDIENCE NOTE
Target audience note 280<br/>
Source Lexile<br/>
521 8# - TARGET AUDIENCE NOTE
Target audience note E<br/>
Source Raz-Plus<br/>
650 ## - SUBJECT ADDED ENTRY--TOPICAL TERM
Source of heading or term Dinosaurs - Fiction
Topical term or geographic name entry element Early reader
650 ## - SUBJECT ADDED ENTRY--TOPICAL TERM
Source of heading or term Bilingual (English/Spanish)
Topical term or geographic name entry element Easy reader--level
942 ## - ADDED ENTRY ELEMENTS (KOHA)
Source of classification or shelving scheme Dewey Decimal Classification
Koha item type Books
Suppress in OPAC No
Holdings
Withdrawn status Lost status Source of classification or shelving scheme Damaged status Not for loan Collection Home library Current library Shelving location Date acquired Total Checkouts Full call number Barcode Date last seen Copy number Price effective from Koha item type
    Dewey Decimal Classification     Juvenile Fiction Footprints International School Library Network Toul Tom Poung Campus Footprints International School Library Network Toul Tom Poung Campus TTP Primary Green Bookshelves 07/04/2025   MOS 468.6 PZ7.M8544 C 2025-1757 07/04/2025 1 07/04/2025 Books